[Event "Prague Golden Blitz op"]
[Site "Prague"]
[Date "2023.06.18"]
[Round "3"]
[White "Hajiyev, Kanan"]
[Black "Konarik, Filip"]
[Result "1-0"]
[WhiteElo "2115"]
[BlackElo "1615"]
[PlyCount "127"]
[EventDate "2023.06.18"]
[EventType "swiss (blitz)"]
[EventRounds "11"]
[EventCountry "CZE"]
[SourceTitle "CBM 215 Extra"]
[Source "ChessBase"]
[SourceDate "2023.09.30"]
[SourceVersion "1"]
[SourceVersionDate "2023.09.30"]
[SourceQuality "1"]

1. d4 Nf6 2. Nf3 g6 3. g3 Bg7 4. Bg2 0-0 5. 0-0 d6 6. b3 Nbd7 7. Bb2 c5 8. c4 Qc7 9. Nc3 a6 10. Rc1 Rb8 11. e4 cxd4 12. Nxd4 Ne5 13. h3 Bd7 14. Qd2 Rfc8 15. f4 Nc6 16. Nd5 Qd8 17. Nxc6 Bxc6 18. Nxf6+ Bxf6 19. Bxf6 exf6 20. Rfd1 Qb6+ 21. Qd4 Qc5 22. Kh2 Qxd4 23. Rxd4 b5 24. Rxd6 Be8 25. Bf1 bxc4 26. Rxc4 Bb5 27. Rxc8+ Rxc8 28. Bxb5 axb5 29. Rxf6 Rc2+ 30. Kg1 Rxa2 31. Rb6 Re2 32. Rxb5 Rxe4 33. Kf2 Kg7 34. h4 Rd4 35. h5 Rd2+ 36. Kf3 Rb2 37. g4 Rb1 38. Rb7 Rf1+ 39. Kg3 Rg1+ 40. Kf3 Rf1+ 41. Ke3 Re1+ 42. Kf2 Rb1 43. hxg6 hxg6 44. b4 Rb3 45. g5 Kf8 46. Rb8+ Kg7 47. Ke2 Rb2+ 48. Ke3 Rb3+ 49. Ke4 Rb1 50. b5 Re1+ 51. Kd5 Rd1+ 52. Kc6 Rd4 53. Re8 Rxf4 54. Re5 Rc4+ 55. Rc5 Rb4 56. b6 f6 57. Rb5 Rc4+ 58. Kd7 Rd4+ 59. Kc7 Rc4+ 60. Kd7 Rd4+ 61. Ke6 fxg5 62. b7 Rd8 63. b8Q Rxb8 64. Rxb8 1-0